• 首页
  • 本馆介绍
  • 公告通知
  • 最新文献
  • 馆藏检索
  • 电子资源
  • 读者导购
  • 参考咨询
  • 我的图书馆
  • 登录
  • 详细信息显示
  • 放入我的书架
  • 预约/预借图书
  • 作者相关作品
  • 分类相关作品
  • 丛书相关作品
  • 出版社相关作品

书目信息

  • 表格格式
  • 工作单格式
  • 卡片格式
题名:
云南工业经济结构研究
    
 
作者: 和段琪 , 蒋兴明 , 梁双陆 著
分册:  
出版信息: 北京   冶金工业出版社  2015
页数: xi, 211页
开本: 24cm
丛书名: 云南工业发展研究系列丛书
单 册:
中图分类: F427.74
科图分类:
主题词: 工业经济结构--gong ye jing ji jie gou--研究--云南省
电子资源:
ISBN: 978-7-5024-7045-6
000 01237nam 2200277 450
001 2368429438
005 20231212190048.28
010    @a978-7-5024-7045-6@dCNY55.00
100    @a20151109d2015 em y0chiy50 ea
101 0  @achi
102    @aCN@b110000
105    @aak a 000yy
200 1  @a云南工业经济结构研究@Ayun nan gong ye jing ji jie gou yan jiu@f和段琪, 蒋兴明, 梁双陆等著
210    @a北京@c冶金工业出版社@d2015
215    @axi, 211页@c图@d24cm
225 2  @a云南工业发展研究系列丛书@Ayun nan gong ye fa zhan yan jiu xi lie cong shu
320    @a有书目 (第210-211页)
330    @a本书分析了云南工业结构性特征, 云南工业经济结构凸现出重工业资源依赖度高、大而不强, 烟草工业“一枝独秀”, 其他行业小散弱等深层次的结构性问题。在实施国家产业调整和振兴规划中应做到新的做优、小的做大、大的做强, 推进产业结构高级化和发展方式转变, 在此基础上提出“创新驱动、改革推动、开发带动”等举措推进工业调结构上水平。
410  0 @12001 @a云南工业发展研究系列丛书
606 0  @a工业经济结构@Agong ye jing ji jie gou@x研究@y云南省
690    @aF427.74@v5
701  0 @a和段琪@Ahe duan qi@4著
701  0 @a蒋兴明@Ajiang xing ming@4著
701  0 @a梁双陆@Aliang shuang lu@4著
801  0 @aCN@b湖北三新@c20151109
905    @aBZT@dF427.74@e2
    
    云南工业经济结构研究/和段琪, 蒋兴明, 梁双陆等著.-北京:冶金工业出版社,2015
    xi, 211页:图;24cm.-(云南工业发展研究系列丛书)
    
    
    ISBN 978-7-5024-7045-6:CNY55.00
    本书分析了云南工业结构性特征, 云南工业经济结构凸现出重工业资源依赖度高、大而不强, 烟草工业“一枝独秀”, 其他行业小散弱等深层次的结构性问题。在实施国家产业调整和振兴规划中应做到新的做优、小的做大、大的做强, 推进产业结构高级化和发展方式转变, 在此基础上提出“创新驱动、改革推动、开发带动”等举措推进工业调结构上水平。
●
相关链接 在五车中查询图书 在当当中查询图书 在豆瓣中查询图书


正题名:云南工业经济结构研究     索取号:F427.74/2         预约/预借

序号 登录号 条形码 馆藏地/架位号 状态 备注
1 2001460870   2001460870   602书库/ [索取号:F427.74/2] 在馆    
2 2001460871   2001460871   602书库/ [索取号:F427.74/2] 在馆    
3 2001460872   2001460872   602书库/ [索取号:F427.74/2] 在馆    
4 2001460873   2001460873   602书库/ [索取号:F427.74/2] 在馆    
5 2001460874   2001460874   共建书房-建工学院/ [索取号:F427.74/2] 在馆    
6 2001460875   2001460875   共建书房-建工学院/ [索取号:F427.74/2] 在馆    
7 2001460876   2001460876   602书库/ [索取号:F427.74/2] 在馆    
8 2001460877   2001460877   602书库/ [索取号:F427.74/2] 在馆    
9 2001460878   2001460878   602书库/ [索取号:F427.74/2] 在馆    
10 2001460879   2001460879   602书库/ [索取号:F427.74/2] 在馆    
11 2001460880   2001460880   602书库/ [索取号:F427.74/2] 在馆    
12 2001460881   2001460881   602书库/ [索取号:F427.74/2] 在馆    
13 2001460882   2001460882   602书库/ [索取号:F427.74/2] 在馆    
14 2001460883   2001460883   共建书房-化工学院/ [索取号:F427.74/2] 在馆    
15 2001460884   2001460884   共建书房-化工学院/ [索取号:F427.74/2] 在馆    
16 2001460885   2001460885   共建书房-化工学院/ [索取号:F427.74/2] 在馆    
17 2001460886   2001460886   共建书房-化工学院/ [索取号:F427.74/2] 在馆    
18 2001460887   2001460887   共建书房-化工学院/ [索取号:F427.74/2] 在馆    
19 2001460888   2001460888   共建书房-建工学院/ [索取号:F427.74/2] 在馆    
20 2001460889   2001460889   共建书房-建工学院/ [索取号:F427.74/2] 在馆    
21 2001460890   2001460890   共建书房-建工学院/ [索取号:F427.74/2] 在馆    
22 2001460891   2001460891   共建书房-建工学院/ [索取号:F427.74/2] 在馆    
23 2001460892   2001460892   602书库/ [索取号:F427.74/2] 在馆    
24 2001460893   2001460893   602书库/ [索取号:F427.74/2] 在馆    
25 2001460894   2001460894   共建书房-化工学院/ [索取号:F427.74/2] 在馆    
26 2001460895   2001460895   602书库/ [索取号:F427.74/2] 在馆    
27 2001460896   2001460896   602书库/ [索取号:F427.74/2] 在馆    
28 2001460897   2001460897   602书库/ [索取号:F427.74/2] 在馆    
29 2001460898   2001460898   602书库/ [索取号:F427.74/2] 在馆    
30 2001460899   2001460899   602书库/ [索取号:F427.74/2] 在馆    
山东省滨州职业学院图书馆 欢迎您!
大连网信软件有限公司© 版权所有